Một số nhận thức mới về các di tích thời đại kim khí ở tỉnh Đồng Nai

Gespeichert in:
Bibliographische Detailangaben
1. Verfasser: Trần, Quý Thịnh
Weitere Verfasser: Nguyễn, Ngọc Quý
Format: Buch
Sprache:Undetermined
Schlagworte:
Online Zugang:http://lrc.tdmu.edu.vn/opac/search/detail.asp?aID=2&ID=35341
Tags: Tag hinzufügen
Keine Tags, Fügen Sie den ersten Tag hinzu!
Thư viện lưu trữ: Trung tâm Học liệu Trường Đại học Thủ Dầu Một
LEADER 00712nam a2200157Ia 4500
001 TDMU_35341
008 210410s9999 xx 000 0 und d
082 |a 362.92 
100 |a Trần, Quý Thịnh 
245 0 |a Một số nhận thức mới về các di tích thời đại kim khí ở tỉnh Đồng Nai 
245 0 |c Trần Quý Thịnh, Nguyễn Ngọc Quý 
300 |a Tr.31-37 
650 |a Khảo cổ học; Nhận thức mới; Di tích; Thời đại kim khí; Đồng Nai 
700 |a Nguyễn, Ngọc Quý 
856 |u http://lrc.tdmu.edu.vn/opac/search/detail.asp?aID=2&ID=35341 
980 |a Trung tâm Học liệu Trường Đại học Thủ Dầu Một